000 00663nam a22001337a 4500
040 _cRUA
082 _aVEM PHA 2024 B1.330 Or.1
100 _aPHAL PHIN, ផល ភីន
245 _aCase Of Antibiotic Resistance in Escherichia Coli in Dairy Cow in Bati District, takeo province, ករណី Escherichia Coli ស៊ាំនឹងឳសថអង់ទីប៊ីយ៉ូទិក លើគោទឹកដោះ នៅស្រុកបាទី ខេត្តតាកែវ
260 _aPHNOM PENH
_bRUA
_c2024
300 _aix,
_bill,
_c29cm,
856 _uhttps://drive.google.com/file/d/1pB7Z0r8l7-nfMUs6OBV0bmXUbbrHxXow/view?usp=sharing
942 _cVEM
999 _c24776
_d24776